000 00469cam a2200181ua 4500
020 _a81 7029 257 3
_c240.00
041 _aeng
_h
082 _a005.133
_bDIC/PR
100 _aDickler, Howard .
245 _aProgramming guide to FOXPRO 2.5 /
_cHoward Dickler.
_hTextual Documents
250 _a1 /
_b.
260 _aNew Delhi :
_bB P B Publishers ,
_c1994.
300 _a733 ; .
365 _a240.00
504 _a
942 _cBK
999 _c9586
_d9586